1978 1390 1436 1329 1260 1547 1881 1375 1011 1899 1298 1428 1680 1896 1505 1174 1831 1602 1776 1049 1558 1208 1442 1207 1989 1658 1018 1067 1249 1626 1086 1238 1365 1183 1770 1178 1828 1767 1970 1725 1079 1245 1469 1796 1276 1473 1222 1278 1551 1729 1694 1649 1293 1793 1388 1222 1900 1566 1781 1087 1784 1419 1271 1593 1159 1142 1229 1374 1206 1786 1683 1062 1476 1952 1992 1313 1599 1781 1429 1692 1697 1441 1626 1449 1982 1426 1243 1248 1118 1975 1237 1884 1020 1706 1039 1038 1233 1662 1295 BCNSPRNW ULIB Ver.6.0+V

เปลี่ยนเป็นภาษาไทย

Change to English
 แสดงรายละเอียดบรรณานุกรม
  กลับหน้าหลัก

Brief Record : Get Marc (ISO 2709) : E-mail record : QR code < ปิดหน้าต่าง
LEADER : 00000nam 2200000uu 4500
001    13399110966
003     ULIB
008    110614s||||||||th 000 0 tha d
020    9789740600312
050  4 AC158^bค451ว 2551
100 1  ฮยอนมิน, คิม
245 10 วิทยาศาสตร์ฉลาดรู้ เรื่อง โลกของแมลง /^cคิมฮยอนมิน,เรื่องและภาพ ; อิงอร ศรีเกษ, แปล
250    พิมพ์ครั้งที่ 1
260    กรุงเทพฯ :^bอัมรินทร์คอมมิกส์,^c2551
300    197 หน้า :^bภาพประกอบ ;^c21 ซม.
440  0 ชุดวิทยาศาสตร์ฉลาดรู้ ;^vลำดับที่ 8
650  7 การ์ตูน
650  7 แมลง^xวรรณกรรมสำหรับเด็ก
650  7 วรรณกรรมเกาหลี
650  7 วรรณกรรมสำหรับเด็ก
700 0  อิงอร ศรีเกษ,^eผู้แปล
945    ^p199^l0^i024352
995    ทศพร
999 ^a ใช้งานได้ทุกระบบ
รายการนี้ยังไม่มีแท็ก
คุณยังไม่ได้ล็อกอิน คุณสามารถมีกิจกรรมร่วมกับเว็บไซต์ได้ แต่ต้องล็อกอินก่อน ::
  ล็อกอิน

รายการสื่อสารสนเทศ

ลำดับที่ ประเภท เลขเรียก/บาร์โค้ด สถานที่ สถานะ
- ไม่พบข้อมูล -

รายการใกล้เคียง
    ผู้แต่ง [ฮยอนมิน, คิม]

    หัวเรื่อง [การ์ตูน]
    หัวเรื่อง [วรรณกรรมเกาหลี]
    หัวเรื่อง [วรรณกรรมสำหรับเด็ก]

BibComment


ยังไม่เคยถูกคอมเมนท์

คอมเมนท์ทรัพยากรรายการนี้
  คอมเมนท์: วิทยาศาสตร์ฉลาดรู..


 Copyright 2026. Bcnsprnw @Library